书目信息 |
| 题名: |
混凝土外加剂应用技术规范
|
|
| 作者: | 中华人民共和国建设部 主编 ;郭京育 起草 ;建设部 主编 | |
| 分册: | ||
| 出版信息: | 北京 中国建筑工业出版社 2013 |
|
| 页数: | 100页 | |
| 开本: | 20cm | |
| 丛书名: | 中华人民共和国国家标准 | |
| 单 册: | ||
| 中图分类: | TU-65 , TU528.042-65 | |
| 科图分类: | ||
| 主题词: | 水泥外加剂--shui ni wai jia ji--国家标准--中国--2013 | |
| 电子资源: | ||
| ISBN: | ||
| 000 | 01280nam0 2200325 450 | |
| 001 | 142516 | |
| 005 | 20141221155839.14 | |
| 010 | @dCNY 18.00 | |
| 091 | @a15112.23778@dCNY18.00 | |
| 094 | @aCN@bGB 50119-2013 | |
| 099 | @aCAL 012014061898 | |
| 100 | @a20140521d2013 ekmy0chiy50 ea | |
| 101 | 0 | @achi |
| 102 | @aCN@b110000 | |
| 105 | @aa l 000yy | |
| 200 | 1 | @a混凝土外加剂应用技术规范@Ahun ning tu wai jia ji ying yong ji shu gui fan@d= Code for concrete admixture application@f中华人民共和国建设部主编@Fzhong hua ren min gong he guo jian she bu zhu bian@g批准部门中华人民共和国住房和城乡建设部@zeng |
| 210 | @a北京@c中国建筑工业出版社@d2013 | |
| 215 | @a100页@c图@d20cm | |
| 225 | 2 | @a中华人民共和国国家标准@Azhong hua ren min gong he guo guo jia biao zhun |
| 314 | @a主要起草人郭京育 ... [等] | |
| 410 | 0 | @12001@a中华人民共和国国家标准 |
| 510 | 1 | @aCode for concrete admixture application@zeng |
| 606 | 0 | @a水泥外加剂@Ashui ni wai jia ji@x国家标准@y中国@z2013 |
| 690 | @aTU-65@v4 | |
| 690 | @aTU528.042-65@v4 | |
| 701 | 0 | @a中华人民共和国建设部@Azhong hua ren min gong he guo jian she bu@4主编 |
| 702 | 0 | @a郭京育@AGuo Jing Yu@4起草 |
| 711 | 02 | @a建设部@Ajian she bu@4主编 |
| 801 | 0 | @aCN@bXMU@c20141221 |
| 905 | @a241430@dTU528.042-65@eJ310 | |
| 混凝土外加剂应用技术规范= Code for concrete admixture application/中华人民共和国建设部主编/批准部门中华人民共和国住房和城乡建设部.-北京:中国建筑工业出版社,2013 |
| 100页:图;20cm.-(中华人民共和国国家标准) |
| ISBN :CNY 18.00 |
| ● |
| 相关链接 |
|
|
|
正题名:混凝土外加剂应用技术规范
索取号:TU528.042-65/J310
 
预约/预借
| 序号 | 登录号 | 条形码 | 馆藏地/架位号 | 状态 | 备注 |
| 1 | 1135144 | 211351446 | 建筑库201/201建筑库 8排1列4层/ [索取号:TU528.042-65/J310] | 在馆 | |
| 2 | 1135145 | 211351455 | 建筑库201/201建筑库 8排1列4层/ [索取号:TU528.042-65/J310] | 在馆 | |
| 3 | 1135146 | 211351464 | 建筑库201/201建筑库 8排1列4层/ [索取号:TU528.042-65/J310] | 在馆 |